000 00321nam a2200121Ia 4500
008 231129s2004||||xx |||||||||||||| ||spa||
040 _bspa
082 _aR 909 H673ó
245 0 _aHistoria del mundo desde las primeras civilizaciones hasta nuestros dí­as
260 _c2004
264 _aEl Tiempo
942 _2ddc
_cBKS
999 _c15268
_d15268